[Event "DEN-ch Jr op"]
[Site "Haderslev"]
[Date "1981.06.??"]
[Round "9"]
[White "Zielinski, Marek"]
[Black "Caspersen, Jes"]
[Result "1/2-1/2"]
[WhiteElo "2125"]
[BlackElo "1907"]

1. e4 e5 2. Nf3 Nc6 3. Bb5 a6 4. Bxc6 dxc6 5. O-O Bd6 6. d4 exd4 7.
Qxd4 f6 8. Be3 Be6 9. Nbd2 Ne7 10. Qc3 O-O 1/2-1/2